000 00617nam a22002177a 4500
003 OSt
005 20170518100845.0
008 160722b xxu||||| |||| 00| 0 eng d
020 _a0761514708
040 _ammu.
_beng.
_cmmu.
_dmmu.
050 _aHQ770.4
_b.N435 1999
100 _aNelsen, Jane
245 _aPostive Discipline :
_bA-Z /
_cJane Nelsen...(et al)
250 _a2nd ed.
260 _aUnited States of America:
_bPrima Publishin,
_c1999.
300 _axiv,327p.:
_bill.:
500 _aincludes index
504 _aincludes bibliography
650 _2Discipline of children.
942 _2lcc
_cLOAN LOAN
999 _c18365
_d18365